Score 0/30 Timer 04:00
9 Plays Today
% Correct
Jimmy
92.9%
Harry
92.4%
Nelson
92%
Eva
91.7%
Christie
91.3%
Adam
90%
Jones
89.3%
Daniel
88.6%
Ford
85.9%
Lawrence
85.8%
Gilbert
84.3%
Pat
83%
Austin
82.8%
Harvey
81%
Harris
80.5%
% Correct
Alexander
78.9%
Wayne
78%
Stanley
77.5%
Tracy
71.5%
Samuel
71.4%
Murray
71.3%
Henry
69.7%
Wade
68.7%
Smith
66.4%
Gabriel
66.4%
Alice
62.3%
Angel
59.2%
Garfield
55.1%
Wallace
53.8%
May
53.3%

You're not logged in!

Compare scores with friends on all Sporcle quizzes.
OR
Log In

Sporcle TV

Today on Sporcle TV


Watch our educational content, quiz creation guides, and fun videos on Sporcle TV.

Show Comments

Extras

Top Quizzes Today


Score Distribution

Your Account Isn't Verified!

In order to create a playlist on Sporcle, you need to verify the email address you used during registration. Go to your Sporcle Settings to finish the process.

Report this User

Report this user for behavior that violates our Community Guidelines.

Details: